Most assists in El CLasico all time - Statistics

General Stats
  • This quiz has been taken 40 times
  • The average score is 5 of 10
Answer Stats
Assist Player % Correct
14 Messi
100%
8 Iniesta
94%
10 Xavi
91%
10 Benzema
84%
6 Ozil
38%
6 Alba
34%
6 Roberto
16%
7 Guardiola
3%
7 Roberto Carlos
3%
10 Molowny
0%
No matching quizzes found
Score Distribution
Percent of People with Each Score
Percentile by Number Answered
Your Score History
You have not taken this quiz